Riconosci la Squadra di calcio - Quiz n°20 - Statistics

Statistiche generali
  • Questo quiz è stato fatto 65 volte
  • Il punteggio medio è 7 su 11
Statistiche sulle risposte
Indizio Risposta % Corretto
Colori sociali Arancione, blu
96%
Titoli nazionali 1 Campionato turco
88%
Simboli Gufo
79%
Divisione nazionale 2023-2024 Primo
63%
Confederazione UEFA
61%
Trofei nazionali 0
59%
Capienza Stadio 17 300 posti
48%
Fondazione 1990
48%
Rifondazione 2014
46%
Trofei internazionali 0
43%
Squadra İstanbul Başakşehir
32%
Nessun quiz corrispondente trovato
Distribuzione punteggi
Percentuale di utenti per punteggio
Percentile per numero di risposta
I tuoi punteggi nel tempo
Non hai fatto questo quiz